El cine: un arte compartido.

Gespeichert in:
Bibliographische Detailangaben
1. Verfasser: Scott, James F
Format: Buch
Sprache:Spanisch
Veröffentlicht: Pamplona, España EUNSA 1979
Schlagworte:
Tags: Tag hinzufügen
Keine Tags, Fügen Sie den ersten Tag hinzu!

MARC

LEADER 00000nam a2200000 a 4500
001 UCU0137
003 CL-VaPUC
005 20220405074136.0
008 960315e19790000SP |||||||||||||||||spa|d
999 |c 245081  |d 245079 
040 |c Pontificia Universidad Católica de Valparaíso 
082 0 4 |a 791.43 SCO 1979  |2 21 
100 0 |a Scott, James F  |9 355133 
245 1 3 |a El cine: un arte compartido. 
260 0 3 |a Pamplona, España  |b EUNSA  |c 1979 
300 |a 445 páginas 
583 |a last modification  |c 19960315 00:00:00  |k Rodrigo Vera 
650 0 |a Cine  |9 225706 
650 0 |a Industria cinematográfica  |9 266081 
650 7 |a MUSICA DE PELICULA  |2 CL-VaPUC  |9 355134 
650 0 |a Acústica   |9 265389 
650 7 |a FILMACION  |2 CL-VaPUC  |9 336722 
942 |c BK  |2 ddc 
945 |d 19960315 00:00:00  |a paguirre